| 000 | 00434cam a2200169ua 4500 | ||
|---|---|---|---|
| 003 | OSt | ||
| 008 | 250325b |||||||| |||| 00| 0 eng d | ||
| 041 | _aeng | ||
| 082 |
_a621.902 _bMAC/HY |
||
| 100 |
_aMachinerys, . _97338 |
||
| 245 | _aHydraulic pumpsm and motors for machine | ||
| 250 | _a1 / | ||
| 260 |
_aLondon : _bMachinery Publishing Co,Ltd , _c1958. |
||
| 300 | _a64 ; . | ||
| 700 | 1 |
_aBack, Yellow . _97339 |
|
| 942 | _cBK | ||
| 999 |
_c1601 _d1601 |
||